Kapitálová požiadavka poisťovne v súlade s direktívou Solventnosť II diplomová práca

Gespeichert in:
Bibliographische Detailangaben
1. Verfasser: Horváthová, Martina
Körperschaft: Fakulta hospodárskej informatiky EU. Katedra matematiky a aktuárstva
Weitere Verfasser: Pinda, Ľudovít, 1958-
Format: Buch
Sprache:Slowakisch
Veröffentlicht: Bratislava 2022
Tags: Tag hinzufügen
Keine Tags, Fügen Sie das erste Tag hinzu!

MARC

LEADER 00000nbm a2200000 4500
001 0284388
005 20230202095231.9
041 0 |a slo 
044 |a SK 
245 1 0 |a Kapitálová požiadavka poisťovne v súlade s direktívou Solventnosť II  |b diplomová práca  |c Martina Horváthová ; školiteľ: Ľudovít Pinda 
264 1 |a Bratislava  |c 2022 
300 |a 69 s. 
100 1 |a Horváthová, Martina 
700 1 |a Pinda, Ľudovít, 1958- 
710 2 |a Fakulta hospodárskej informatiky EU. Katedra matematiky a aktuárstva